Teatro norteamericano de vanguardia / (Record no. 128969)
[ view plain ]
| 000 -LEADER | |
|---|---|
| campo de control de longitud fija | 01049nam a2200253 i 4500 |
| 001 - NÚMERO DE CONTROL | |
| campo de control | 128969 |
| 003 - IDENTIFICADOR DE NÚMERO DE CONTROL | |
| campo de control | ES-MaACL |
| 005 - FECHA Y HORA DE LA ÚLTIMA TRANSACCIÓN | |
| campo de control | 20231204170724.0 |
| 007 - CAMPO FIJO DE DESCRIPCIÓN FÍSICA--INFORMACIÓN GENERAL | |
| campo de control de longitud fija | t| |
| 008 - DATOS DE LONGITUD FIJA--INFORMACIÓN GENERAL | |
| campo de control de longitud fija | 070531s1935 sp ||||1| spa d |
| 080 ## - NÚMERO DE LA CLASIFICACIÓN DECIMAL UNIVERSAL | |
| Número de la Clasificación Decimal Universal | 820(73)-22"19" |
| 080 ## - NÚMERO DE LA CLASIFICACIÓN DECIMAL UNIVERSAL | |
| Número de la Clasificación Decimal Universal | 820(73)-23"19" |
| 245 00 - MENCIÓN DEL TÍTULO | |
| Título | Teatro norteamericano de vanguardia / |
| Mención de responsabilidad, etc. | prólogo de Cristóbal de Castro ; traducción y notas de Horacio de Castro. |
| 260 ## - PUBLICACIÓN, DISTRIBUCIÓN, ETC. | |
| Lugar de publicación, distribución, etc. | Madrid : |
| Nombre del editor, distribuidor, etc. | M. Aguilar, |
| Fecha de publicación, distribución, etc. | [1935] |
| 300 ## - DESCRIPCIÓN FÍSICA | |
| Extensión | 194 p. ; |
| Dimensiones | 20 cm. |
| 505 8# - NOTA DE CONTENIDO CON FORMATO | |
| Nota de contenido con formato | Contiene: El "metro" : una acción dramática, en nueve escenas / de Elmer L. Rice. Estrictamente inmoral : una comedia en tres actos / original de Preston Sturges. El gallo petirrojo : una comedia en intrigas, en tres actos / por Elmer L. Rice y Philip Barry |
| 700 1# - ENTRADA AGREGADA--NOMBRE PERSONAL | |
| Nombre de persona | Castro, Cristóbal de, |
| Fechas asociadas al nombre | 1874-1953 |
| 9 (RLIN) | 36843 |
| 700 1# - ENTRADA AGREGADA--NOMBRE PERSONAL | |
| Nombre de persona | Rice, Elmer L. |
| 9 (RLIN) | 96889 |
| 700 1# - ENTRADA AGREGADA--NOMBRE PERSONAL | |
| Nombre de persona | Sturges, Preston. |
| 9 (RLIN) | 108510 |
| 700 1# - ENTRADA AGREGADA--NOMBRE PERSONAL | |
| Nombre de persona | Barry, Philip. |
| 9 (RLIN) | 26088 |
| 700 1# - ENTRADA AGREGADA--NOMBRE PERSONAL | |
| Nombre de persona | Castro, Horacio de. |
| 9 (RLIN) | 36860 |
| 852 ## - LOCALIZACIÓN | |
| Ubicación | ES-MaACL |
| Número de control de estantería | C-4167 |
| Sublocalización o colección | R.24089 |
| Estatus retirado | Estado de pérdida | Estado de daño | No para préstamo | Biblioteca de origen | Biblioteca actual | Ubicación en estantería | Fecha de adquisición | Fuente de adquisición | Total de préstamos | Signatura topográfica completa | Código de barras | Visto por última vez | Precio de reemplazo | Tipo de ítem Koha |
|---|---|---|---|---|---|---|---|---|---|---|---|---|---|---|
| Biblioteca del Ateneo de Madrid | Biblioteca del Ateneo de Madrid | Sala Palomar | 17/01/2008 | C-4167 | 1134310 | 23/02/2023 | 23/02/2023 | Libro impreso |
